| 000 | 01076cam a22002054a 4500 | ||
|---|---|---|---|
| 005 | 20250605163955.0 | ||
| 008 | 250528s ||||||||||||||||||||||||d | ||
| 035 | _a15444 | ||
| 020 | _a273625675 | ||
| 040 |
_aGR-AtMCL _bgre _dGR-AtMCL _eAACR2 |
||
| 245 | 1 | _aInformation Systems in Business / Second Edition | |
| 250 | _a2nd | ||
| 260 |
_bFinancial Times - Pitman Publishing, _c1997 |
||
| 300 | _a390 | ||
| 520 | _aThis book presents a view of information and information systems as part of the whole business of organization and explores the interrelationship of management and information technology. Preface, The Approach and Structure of this book, What is Information, Systems Concepts, Information Concepts, Data and Database Concepts, Information and Management Systems, Information Systems Development: the Context, Information Systems Development: Methods, Appendices, Carry-Out Cupboards, The East Farthing Drainage Authority, MX Marketing, Dog Registration, Index. | ||
| 700 | 1 |
_aHarry Mike _91050 |
|
| 942 | _cBK | ||
| 999 |
_c1024 _d1024 |
||